[Event "Sparkassen-Open B"]
[Site "Heusenstamm, Martinsee"]
[Date "2023.11.26"]
[Round "7.37"]
[White "Maibaum, Harry"]
[Black "Barth, Horst"]
[Result "1/2-1/2"]
[WhiteElo "1450"]
[BlackElo "1261"]
[PlyCount "51"]
[EventDate "2023.??.??"]
[WhiteTeam "Sfr.Heimersheim"]
[BlackTeam "Sfr.Mainz 1928"]

1. d4 Nf6 2. Nc3 e6 3. Bf4 Bb4 4. e3 a6 5. Bd3 d6 6. Nge2 Nbd7 7. a3 Ba5 8. O-O b5 9. b4 Bb6 10. a4 bxa4 11. Rxa4 Bb7 12. Qa1 O-O 13. Bxa6 Rxa6 14. Rxa6 Bxa6 15. Qxa6 e5 16. Bg5 h6 17. Bh4 g5 18. Bg3 h5 19. h4 g4 20. dxe5 Nxe5 21. Bxe5 dxe5 22. Rd1 Qe7 23. Qc4 Rd8 24. Rxd8+ Qxd8 25. Qd3 Qe7 26. Qc4 1/2-1/2

[Event "Sparkassen-Open B"]
[Site "Heusenstamm, Martinsee"]
[Date "2023.11.26"]
[Round "7.39"]
[White "Weyerer, Elea"]
[Black "Bär, Christian"]
[Result "1/2-1/2"]
[WhiteElo "1305"]
[BlackElo "1467"]
[PlyCount "52"]
[EventDate "2023.??.??"]
[WhiteTeam "SV Oberursel"]
[BlackTeam "SC Steinbach"]

1. d4 d5 2. Bf4 e6 3. e3 Bd6 4. Bg3 Nf6 5. Nf3 b6 6. Bd3 Bb7 7. Nbd2 Nbd7 8. Ne5 c5 9. c3 Qc7 10. f4 Ne4 11. Qf3 Nxd2 12. Kxd2 c4 13. Bc2 O-O 14. Qg4 Nf6 15. Qf3 b5 16. Bh4 Ne4+ 17. Bxe4 dxe4 18. Qg4 Be7 19. g3 Bd5 20. Qe2 b4 21. Bxe7 bxc3+ 22. bxc3 Qxe7 23. Nxc4 Rfc8 24. Nb2 Qa3 25. Nd1 Rab8 26. Ke1 Rxc3 1/2-1/2

[Event "Sparkassen-Open B"]
[Site "Heusenstamm, Martinsee"]
[Date "2023.11.26"]
[Round "7.40"]
[White "Wöhl, Torsten"]
[Black "Vinogradov, Roman"]
[Result "0-1"]
[WhiteElo "1463"]
[BlackElo "1306"]
[PlyCount "70"]
[EventDate "2023.??.??"]
[WhiteTeam "SC Groß?-Zimmern"]
[BlackTeam "SV 1947 Walldorf"]

1. d4 Nf6 2. Bf4 g6 3. Nc3 d5 4. e3 Bg7 5. Bd3 Nc6 6. Qe2 Nb4 7. Nb5 O-O 8. Nxc7 Rb8 9. Nxd5 Be6 10. Nxf6+ Bxf6 11. Bxb8 Qxb8 12. Bc4 Qc8 13. b3 Qc6 14. Nf3 b5 15. Bd3 Qc3+ 16. Qd2 Qxa1+ 17. Qd1 Nxd3+ 18. cxd3 Qxa2 19. O-O Bxb3 20. Qc1 Qc2 21. Qa3 Ba4 22. Ne1 Qb3 23. Qc5 a5 24. Qc7 Qb4 25. Nf3 Bb3 26. Ne5 Bxe5 27. Qxe5 a4 28. d5 Qc5 29. e4 a3 30. h4 h5 31. g4 Qd6 32. Qg5 Kh7 33. gxh5 gxh5 34. Qxh5+ Qh6 35. Qf5+ Qg6+ 0-1

[Event "Sparkassen-Open B"]
[Site "Heusenstamm, Martinsee"]
[Date "2023.11.26"]
[Round "7.41"]
[White "Baumgart, Jost"]
[Black "Hellmann, Alexander"]
[Result "1-0"]
[WhiteElo "1411"]
[BlackElo "1199"]
[PlyCount "45"]
[EventDate "2023.??.??"]
[WhiteTeam "SK Marburg 1931/72"]
[BlackTeam "SJ Herborn 1998"]

1. e4 e5 2. Nf3 Nc6 3. Bb5 Nf6 4. O-O Bc5 5. Re1 Ng4 6. d4 Bb6 7. c3 O-O 8. h3 Nh6 9. Bxh6 gxh6 10. d5 Ne7 11. Nxe5 c6 12. Ba4 Ng6 13. Nc4 Bc7 14. d6 b5 15. dxc7 Qxc7 16. Qd6 Qd8 17. Bb3 bxc4 18. Bxc4 Qg5 19. Nd2 Nf4 20. g3 Nxh3+ 21. Kg2 Qg4 22. f3 Qg6 23. Qxg6+ 1-0

[Event "Sparkassen-Open B"]
[Site "Heusenstamm, Martinsee"]
[Date "2023.11.26"]
[Round "7.43"]
[White "Weigand, Björn"]
[Black "Fischermann, Charlotte"]
[Result "1/2-1/2"]
[WhiteElo "1389"]
[BlackElo "1248"]
[PlyCount "92"]
[EventDate "2023.??.??"]
[WhiteTeam "SV Frankfurt Nord 1926"]
[BlackTeam "SG Porz e. V."]

1. d4 d5 2. Nc3 Nf6 3. Bf4 a6 4. e3 Bf5 5. f3 e6 6. g4 Bg6 7. h4 h6 8. Bd3 Bxd3 9. Qxd3 Bd6 10. Nge2 Nc6 11. O-O-O Qd7 12. g5 Nh5 13. Bxd6 Qxd6 14. g6 f5 15. e4 Nf4 16. Nxf4 Qxf4+ 17. Kb1 O-O-O 18. a3 h5 19. Ne2 Qh6 20. exf5 exf5 21. Qxf5+ Kb8 22. Rhg1 Rhf8 23. Qd3 Ne7 24. Qd2 Qxd2 25. Rxd2 Rxf3 26. Ng3 Rh8 27. Nf1 Nf5 28. Nh2 Rf4 29. Rg5 c6 30. c3 Nxh4 31. Re2 Rf5 32. Rxf5 Nxf5 33. Kc2 Kc7 34. Kd3 Kd7 35. Rf2 Ke6 36. Nf3 Kf6 37. Nh4 Kg5 38. Nxf5 Kxg6 39. Nd6 b5 40. Rg2+ Kf6 41. Nb7 h4 42. Ke3 g5 43. Kf3 Kf5 44. Nd6+ Ke6 45. Nb7 Kf5 46. Nd6+ Ke6 1/2-1/2

[Event "Sparkassen-Open B"]
[Site "Heusenstamm, Martinsee"]
[Date "2023.11.26"]
[Round "7.47"]
[White "Culha, Merve"]
[Black "Samy A S, Anthoni"]
[Result "0-1"]
[WhiteElo "837"]
[BlackElo "1329"]
[PlyCount "90"]
[EventDate "2023.??.??"]
[WhiteTeam "SC Heusenstamm"]
[BlackTeam "SC Eschborn 1974"]

1. e4 c5 2. Nf3 Nf6 3. Nc3 d6 4. d4 cxd4 5. Nxd4 e5 6. Nf3 Bg4 7. Bg5 Be7 8. h3 Bh5 9. Qd2 h6 10. Bxf6 Bxf6 11. O-O-O Bxf3 12. gxf3 Bg5 13. Nb5 Bxd2+ 14. Rxd2 O-O 15. Nxd6 Qg5 16. Bd3 Qe7 17. Nf5 Qg5 18. h4 Qg2 19. Rdd1 Qxf3 20. Rhg1 Qf4+ 21. Kb1 g6 22. h5 Kh7 23. hxg6+ fxg6 24. Ne7 g5 25. Nf5 h5 26. Rh1 h4 27. Rdg1 Rg8 28. Ne7 Rg7 29. Nf5 Rg8 30. Ne7 Nc6 31. Nf5 Rae8 32. Bc4 a6 33. Bxg8+ Rxg8 34. Nd6 b5 35. Rg2 Qf3 36. Rhg1 Nd4 37. Rh2 h3 38. Nf7 Qxf7 39. Rxh3+ Kg6 40. Rgh1 Kf6 41. Rh6+ Rg6 42. Rh7 Qc4 43. c3 Qd3+ 44. Ka1 Nc2+ 45. Kb1 Qxe4 0-1

[Event "Sparkassen-Open B"]
[Site "Heusenstamm, Martinsee"]
[Date "2023.11.26"]
[Round "7.49"]
[White "Arne, Julius"]
[Black "Plaumann, Finja"]
[Result "1-0"]
[WhiteElo "1073"]
[BlackElo "1260"]
[PlyCount "127"]
[EventDate "2023.??.??"]
[WhiteTeam "SG Kaiserslautern 1905"]
[BlackTeam "Sfr.Heidesheim"]

1. e4 e6 2. d4 d5 3. exd5 exd5 4. Nc3 Nf6 5. Nf3 Bb4 6. Bd2 O-O 7. Be2 c5 8. a3 Bxc3 9. Bxc3 b6 10. O-O Ne4 11. Bd2 Nc6 12. c3 Bg4 13. Be3 c4 14. h3 Bxf3 15. Bxf3 Ng5 16. Re1 Nxf3+ 17. Qxf3 a5 18. Qg3 g6 19. h4 h5 20. Re2 Re8 21. Rae1 Qd7 22. Qf4 Ne7 23. Qf6 Nf5 24. Kh2 Qd6+ 25. Qxd6 Nxd6 26. Bf4 Rxe2 27. Rxe2 Nf5 28. g3 b5 29. Re5 Rd8 30. Bg5 Rd7 31. Re8+ Kg7 32. Rb8 f6 33. Bf4 Nd6 34. Bxd6 Rxd6 35. Kg2 g5 36. hxg5 fxg5 37. Rxb5 Rf6 38. Rxa5 Rf5 39. Rb5 h4 40. a4 h3+ 41. Kxh3 Rxf2 42. Rxd5 Rxb2 43. Rxg5+ Kf6 44. Rc5 Ra2 45. a5 Ke7 46. g4 Ra3 47. Rxc4 Rxa5 48. Kh4 Kf7 49. Rc5 Ra6 50. d5 Ke7 51. Rc6 Ra8 52. c4 Kd7 53. g5 Rh8+ 54. Kg4 Rg8 55. c5 Rg7 56. Ra6 Ke8 57. c6 Kd8 58. d6 Ke8 59. Ra8+ Kf7 60. Ra7+ Ke6 61. Rxg7 Kxd6 62. Kf5 Kxc6 63. Re7 Kd6 64. Re1 1-0